WK 2026 voetbal - Statistieken

Algemene statistieken
  • Deze quiz is 597 keer genomen
    488 sinds de laatste reset
  • De gemiddelde score is 37 van 48
Antwoorden op de kaart
Antwoorden kleurgecodeerd door een groen-rode schaal op de quizkaart volgens % correct hieronder.
 
Antwoordstatistieken
Land % Correct
Nederland
96%
Canada
93%
Frankrijk
93%
Spanje
93%
Verenigde Staten
92%
Zweden
92%
Argentinië
91%
België
91%
Brazilië
91%
Duitsland
91%
Japan
90%
Mexico
90%
Portugal
90%
Marokko
88%
Engeland
87%
Noorwegen
85%
Iran
84%
Australië
83%
Egypte
80%
Zuid-Korea
80%
Nieuw-Zeeland
79%
Oostenrijk
78%
Senegal
78%
Tunesië
78%
Uruguay
78%
Zuid-Afrika
78%
Curaçao
76%
Colombia
74%
Schotland
73%
Zwitserland
73%
Kroatië
72%
Ecuador
71%
Irak
71%
Algerije
70%
Tsjechië
70%
Turkije
70%
Ghana
68%
Saoedi-Arabië
68%
Kaapverdië
66%
Bosnië en Herzegovina
65%
Democratische Republiek Congo
65%
Paraguay
64%
Qatar
64%
Ivoorkust
63%
Panama
60%
Haïti
58%
Oezbekistan
57%
Jordanië
48%
Geen overeenkomende quizzen gevonden
Scoreverdeling
Procent van Mensen met Elke Score
Percentiel versus Aantal Correcte Antwoorden
Uw Scoregeschiedenis
U heeft deze quiz nog niet genomen sinds de laatste reset